00631nam a2200193 a 4500001001000000005001700010008004100027050002200068100002000090245005000110260003400160300004200194440005000236500005200286500000900338504003000347610003300377650002700410BRCA_266720190320203921.0021208s1957----enka---###---#000-0#eng-# 4aNK4087b.R33 19571 aRackham, Bernad10aEarly Staffordshire potterycBernard Rackham. aLondonbFaber and Faberc1957 axvi, 46 p.bil., 96 láminasc26 cm. 0aThe Faber monographs an pottery and porcelain aIncluye índice analítico y de ilustraciones aA116 aBibliografía: p. 211-4624aStaffordshire, Cerámica de14aCerámicazInglaterra